Globalizácia a nové čínske výzvy svetovému hospodárstvu

Dynamický hospodársky rast Ázie. Produkcia a odbyt vysokých technológií, ich expanzia v Ázii na úkor USA, EÚ a Japonska. Investície Číny do vedy, výskumu a vzdelávania. Podiel exportu vysokých technológií z vybraných krajín na ich celkovom exporte. Výzvy svetovému hospodárstvu.

Salvato in:
Dettagli Bibliografici
Autore principale: Baláž, Peter
Natura: Capitolo di libro
Lingua:slovacco
inglese
Soggetti:
Tags: Aggiungi Tag
Nessun Tag, puoi essere il primo ad aggiungerne!!

MARC

LEADER 00000naa a2200000 4500
001 0227173
005 20240502073737.9
041 0 |a slo 
041 0 |a eng 
044 |a SK 
245 1 0 |a Globalizácia a nové čínske výzvy svetovému hospodárstvu  |c Peter Baláž 
520 |a Dynamický hospodársky rast Ázie. Produkcia a odbyt vysokých technológií, ich expanzia v Ázii na úkor USA, EÚ a Japonska. Investície Číny do vedy, výskumu a vzdelávania. Podiel exportu vysokých technológií z vybraných krajín na ich celkovom exporte. Výzvy svetovému hospodárstvu. 
610 2 0 |a rast hospodársky 
610 2 0 |a globalizácia 
610 2 0 |a technológie informačné 
610 2 0 |a technológie komunikačné 
610 2 0 |a veda 
610 2 0 |a výskum 
610 2 0 |a vzdelávanie 
610 2 0 |a hospodárstvo svetové 
610 2 0 |a Čína 
610 2 0 |a Európska únia 
100 1 |a Baláž, Peter